[Event "SME Open"]
[Site "Ostrava CZE"]
[Date "2005.04.30"]
[Round "1"]
[White "Kulhanek,T"]
[Black "Chladny,R"]
[Result "1/2-1/2"]
[WhiteElo "2370"]
[BlackElo "2086"]

1.e4 c5 2.Nc3 Nc6 3.Bb5 Nd4 4.Bc4 e6 5.Nge2 Ne7 6.O-O Nec6 7.d3 Be7 8.f4 O-O
9.a3 a6 10.Ba2 b5 11.Kh1 Bb7 12.Ng1 b4 13.Nb1 d5 14.Nd2 a5 15.a4 Nb8 16.c3 Ndc6
17.Qe2 Ba6 18.Rf3 dxe4 19.Nxe4 Nd7 20.Be3 Rb8 21.Rh3 g6 22.Rd1 b3 23.Bb1 f5
24.Nd2 Nb6 25.Bf2 Qc8 26.Nxb3 Nxa4 27.Ba2 c4 28.dxc4 Nxb2 29.Qxb2 a4 30.Qc2 axb3
31.Bxb3 Na5 32.Ba4 Bxc4 33.Rd7 Rb7 34.Qd1 Rxd7 35.Bxd7 Rd8 36.Qa4 Qxd7 37.Qxa5 Qb7
38.Qb6 Qxb6 39.Bxb6 Rd2 40.Rf3 Bh4 41.h3 Bd5 42.Kh2 Rb2  1/2-1/2

[Event "SME Open"]
[Site "Ostrava CZE"]
[Date "2005.05.01"]
[Round "2"]
[White "Vyskocil,N"]
[Black "Pardy,M"]
[Result "1-0"]
[WhiteElo "2304"]
[BlackElo "2042"]

1.e4 c5 2.Nf3 Nc6 3.Nc3 g6 4.d4 cxd4 5.Nxd4 Bg7 6.Nde2 Nf6 7.g3 O-O 8.Bg2 d6
9.O-O Be6 10.h3 Qa5 11.Nd5 Rac8 12.Bd2 Qa6 13.Bc3 Bd7 14.Nxf6+ Bxf6 15.Bxf6 exf6
16.Nf4 Be6 17.Nxe6 fxe6 18.Qxd6 Rfe8 19.Rfd1 Qa5 20.Qf4 Qe5 21.c3 Rcd8 22.Bf1 g5
23.Qxe5 Nxe5 24.Kg2 Kf7 25.Bb5 Nc6 26.Kf3 a6 27.Bxc6 bxc6 28.Ke2 Ke7 29.Rxd8 Rxd8
30.Rd1 Rb8 31.Rd2 h5 32.Kd3 h4 33.gxh4 gxh4 34.Kc4 Rb5 35.f4  1-0

[Event "10th Cvitanovic Mem"]
[Site "Split CRO"]
[Date "2005.05.01"]
[Round "2"]
[White "Medvegy,Z"]
[Black "Saric,Iv"]
[Result "1-0"]
[WhiteElo "2474"]
[BlackElo "2287"]

1.e4 c5 2.Nf3 Nc6 3.Nc3 Nf6 4.Bb5 Nd4 5.e5 Nxb5 6.Nxb5 Nd5 7.Ng5 e6 8.Ne4 Nc7
9.Nbd6+ Bxd6 10.Nxd6+ Kf8 11.Qh5 Qe7 12.d4 Ne8 13.dxc5 Nxd6 14.cxd6 Qe8 15.Qh4 b6
16.a4 Bb7 17.O-O Qc8 18.Ra3 Qxc2 19.Bh6 Qg6 20.Bxg7+ Kxg7 21.Rg3 Rhc8 22.Qe7 Bc6
23.Qf6+ Kg8 24.h4 Be4 25.h5  1-0

[Event "Open A"]
[Site "Djakovo CRO"]
[Date "2005.05.02"]
[Round "2"]
[White "Vargic,D"]
[Black "Majeric,Z"]
[Result "1-0"]
[WhiteElo "2314"]
[BlackElo "2381"]

1.e4 c5 2.Nc3 Nc6 3.Nf3 Nf6 4.d4 d5 5.exd5 Nxd5 6.dxc5 Nxc3 7.Qxd8+ Nxd8
8.bxc3 g6 9.Be3 Bg7 10.Bb5+ Nc6 11.Nd4 O-O 12.O-O Bd7 13.Rab1 Rfd8 14.Rfd1 e5
15.Nxc6 bxc6 16.Rxd7 Rdb8 17.Kf1 cxb5 18.c6 a6 19.c7 Rc8 20.Rbd1 Bf6 21.Bh6 Re8
22.R1d6 Be7 23.Rc6 Bf8 24.Bg5 Rec8 25.Rd8  1-0

[Event "SME Open"]
[Site "Ostrava CZE"]
[Date "2005.05.02"]
[Round "3"]
[White "Vyskocil,N"]
[Black "Slovacek,P"]
[Result "1-0"]
[WhiteElo "2304"]
[BlackElo "2103"]

1.e4 c5 2.Nf3 Nc6 3.Nc3 e5 4.Bc4 Nf6 5.Ng5 d5 6.exd5 Na5 7.d3 h6 8.Nge4 a6
9.a4 Nxe4 10.Nxe4 Qh4 11.Qe2 Nxc4 12.dxc4 f5 13.Nd2 Bd6 14.Nb3 O-O 15.Be3 b6
16.O-O-O Bd7 17.a5 f4 18.Bd2 b5 19.f3 Rae8 20.Be1 Qd8 21.Kb1 b4 22.Bxb4 cxb4
23.c5 Bb5 24.Qe4 Ba4 25.Qxb4 Bxb3 26.cxd6 Bxc2+ 27.Kxc2 Rf6 28.Rd3 Rxd6 29.Rhd1 Re7
30.Kb1 Red7 31.Qc5 Kf7 32.g3 Rc7 33.Qb4 fxg3 34.hxg3 Rcd7 35.Qc5 Rb7 36.Qc3 Qg5
37.f4 exf4 38.gxf4 Qf5 39.Qe5 Qg6 40.f5 Qf6 41.Re1 Qxe5 42.Rxe5 Rb5 43.Re6 Rdxd5
44.Rxd5 Rxd5 45.Rxa6 h5 46.Kc2 h4 47.b4 Rxf5 48.Ra8 Rh5 49.a6 h3 50.Rf8+ Kg6
51.a7 h2 52.Rf1  1-0

[Event "Open A"]
[Site "Djakovo CRO"]
[Date "2005.05.04"]
[Round "5"]
[White "Vargic,D"]
[Black "Medancic,R"]
[Result "1-0"]
[WhiteElo "2314"]
[BlackElo "2293"]

1.e4 c5 2.Nc3 Nc6 3.Nf3 d6 4.d4 cxd4 5.Nxd4 Nf6 6.Be3 a6 7.f3 e6 8.Qd2 Be7
9.g4 h6 10.O-O-O Qc7 11.h4 Nxd4 12.Bxd4 e5 13.Be3 Be6 14.Kb1 O-O-O 15.Nd5 Bxd5
16.exd5 Nd7 17.Qb4 Nc5 18.Rd3 Kd7 19.Rc3 Ke8 20.f4 exf4 21.Qxf4 Qd7 22.Bd4 Kf8
23.Rf3 Qe8 24.Bg2 Kg8 25.a3 Nd7 26.Rhf1 f6 27.Rg3 Ne5 28.Be4 g5 29.Qf2 Kg7
30.Rh3 Qf7 31.Qf5 Qg6 32.Qe6 Qf7 33.Qf5 Qg6 34.hxg5 Qxf5 35.Bxf5 hxg5 36.Rfh1 Rxh3
37.Rxh3 Ng6 38.c4 Rb8 39.Rh5 Nf8 40.Rxg5+ Kf7 41.Rh5 b5 42.cxb5 axb5 43.b4 Bd8
44.Kb2 Bb6 45.Bc3 Be3 46.Kb3 Kg7 47.g5 Kf7 48.Bxf6 Bc1 49.Bc3 Ra8 50.g6+  1-0

[Event "ch-FRA Top 16 Poule Basse"]
[Site "Port Barcares FRA"]
[Date "2005.05.04"]
[Round "8"]
[White "Rocha,S"]
[Black "Edouard,R"]
[Result "1/2-1/2"]
[WhiteElo "2397"]
[BlackElo "2255"]

1.e4 c5 2.Nf3 Nc6 3.Nc3 g6 4.d4 cxd4 5.Nxd4 Bg7 6.Nb3 d6 7.Bc4 Nf6 8.O-O O-O
9.Re1 a5 10.a4 Nb4 11.Bg5 Qc7 12.Bf1 Rd8 13.Nd4 Qc5 14.Nf3 Bg4 15.Be3 Qc6
16.Bb5 Qc7 17.Bd3 d5 18.Nb5 Qc6 19.e5 Nd7 20.Bf4 Nxd3 21.cxd3 d4 22.Nbxd4 Qd5
23.Nb5 Nxe5 24.Bxe5 Bxf3 25.Qxf3 Bxe5 26.Qxd5 Rxd5 27.d4 Bd6 28.Rac1 Rd8
29.g3 e6 30.Rc4 Bf8 31.Rc7 R5d7 32.Rec1 Be7 33.f4 Bf6 34.Rxd7 Rxd7 35.Rc4 Kf8
36.Kf2 Ke7 37.Ke3 Bg7 38.Rc8 f6 39.Ke4 Rd8 40.Rc7+ Rd7 41.Rc5 Kd8 42.h3 Bf8
43.Rc2 Bb4 44.g4 f5+ 45.Ke3 Ke7 46.g5 Kd8 47.Rg2 Ke7 48.Rc2 Kd8 49.Rc1 h6
50.Rg1 Rh7 51.Kd3 hxg5 52.Rxg5 Rxh3+ 53.Kc4 Rh4 54.Rxg6 Kd7 55.Rg8 Rxf4 56.Rb8 Rf2
57.Rxb7+ Kc6 58.Rf7 Rxb2 59.Na7+ Kd6  1/2-1/2

[Event "Open A"]
[Site "Djakovo CRO"]
[Date "2005.05.05"]
[Round "7"]
[White "Vargic,D"]
[Black "Sulc,D"]
[Result "1-0"]
[WhiteElo "2314"]
[BlackElo "2301"]

1.e4 c5 2.Nc3 Nc6 3.Nf3 g6 4.d4 cxd4 5.Nxd4 Bg7 6.Be3 d6 7.Qd2 Nf6 8.f3 O-O
9.h4 d5 10.exd5 Nxd5 11.Nxc6 bxc6 12.Bd4 Bxd4 13.Qxd4 Qa5 14.O-O-O Nxc3 15.Qxc3 Qxc3
16.bxc3 Be6 17.Kb2 Rab8+ 18.Ka1 Rb6 19.Bd3 Rfb8 20.h5 Kg7 21.Rh4 Rd8 22.h6+ Kf6
23.Ra4 Rd7 24.Ra5 Rb5 25.Ra6 Rc5 26.g4 Kg5 27.Rh1 Bd5 28.Rh3 e5 29.Kb2 Rb7+
30.Kc1 Rd7 31.Ra4 Be6 32.Kb2 Rb7+ 33.Rb4 Rb6 34.Rh1 Ra5 35.a3 c5 36.Rxb6 axb6
37.Be4 Ra7 38.Bc6 Rc7 39.Bb5 Bd5 40.Be2 Kf4 41.Rf1 Ke3 42.Bd1 Rd7 43.Kc1 Kf4
44.Be2 Rd6 45.Rd1 Bxf3 46.Rxd6 Bxe2 47.Rf6+ Kg5 48.Rxf7 Kxh6 49.g5+ Kxg5
50.Rxh7 Kf5 51.Rb7 b5 52.Kd2 Bc4 53.Rc7 Ke6 54.Rc6+ Kd5 55.Rxg6 Bf1 56.Ke3 Kc4
57.Rg1 Bh3 58.Ke4 Bd7 59.Rg3 b4 60.cxb4 cxb4 61.axb4 Kxb4 62.Kd5 e4 63.Rb3+  1-0

[Event "ch-FRA Top 16 Poule Haute"]
[Site "Port Barcares FRA"]
[Date "2005.05.05"]
[Round "9"]
[White "Kogan,Ar"]
[Black "Roser,K"]
[Result "1-0"]
[WhiteElo "2592"]
[BlackElo "2355"]

1.e4 c5 2.Nf3 Nc6 3.Nc3 d6 4.d4 cxd4 5.Nxd4 Nf6 6.Bc4 e6 7.Be3 Be7 8.Qe2 a6
9.O-O-O O-O 10.Bb3 Qc7 11.Rhg1 Nd7 12.g4 Nc5 13.Nf5 b5 14.Bd5 exd5 15.Nxd5 Qb7
16.e5 Ne6 17.exd6 Bd8 18.f4 f6 19.Qf3 Rf7 20.d7 Rxd7 21.Qe4 Nf8 22.Bc5 Rxd5
23.Qxd5+ Be6 24.Qd6 Bc7 25.Qxc6 Bxf4+ 26.Kb1 Qxc6 27.Ne7+ Kf7 28.Nxc6 Bxh2
29.Nd8+ Kg6 30.Rge1 Bxg4 31.Rd4 Nd7 32.Rxg4+ Kf5 33.Rxg7 Nxc5 34.Nc6 Be5
35.Nxe5 fxe5 36.Rxh7 Re8 37.Rc7 Ne4 38.Rf7+ Ke6 39.Ra7 Nc5 40.b4 Na4 41.c4 Kf5
42.Rxa6 e4 43.Kc2 Rc8 44.Kb3 Kf4 45.cxb5 Nc3 46.Rc1 e3 47.Rxc3 e2 48.Re6  1-0

[Event "ch-FRA Top 16 Poule Haute"]
[Site "Port Barcares FRA"]
[Date "2005.05.05"]
[Round "9"]
[White "Degraeve,JM"]
[Black "Lerch,P"]
[Result "1-0"]
[WhiteElo "2557"]
[BlackElo "2308"]

1.e4 c5 2.Nf3 Nc6 3.Nc3 g6 4.d4 cxd4 5.Nxd4 Bg7 6.Be3 Nf6 7.Bc4 Qa5 8.Nb3 Qc7
9.Be2 O-O 10.O-O d6 11.f4 b6 12.Bf3 Bb7 13.Qd2 Na5 14.Nxa5 bxa5 15.Rad1 Rfc8
16.Bd4 Bc6 17.e5 Ne8 18.Nd5 Bxd5 19.Bxd5 Rab8 20.Qe3 Qxc2 21.f5 gxf5 22.exd6 Bxd4
23.Rxd4 Nxd6 24.Qg5+ Kf8 25.Qh6+ Ke8 26.Qg7 Kd7 27.Bxf7 Rxb2 28.Re1 Rb1 29.Be6+ Kc6
30.Qe5 Rxe1+ 31.Qxe1 Rb8 32.Rd1 Qc5+ 33.Kh1 Rb2 34.Bb3 Ne4 35.Bd5+ Kb5 36.Bxe4 fxe4
37.Qxe4 Qc6 38.Qe5+  1-0

[Event "SME Open"]
[Site "Ostrava CZE"]
[Date "2005.05.06"]
[Round "7"]
[White "Kulhanek,T"]
[Black "Likavsky,T"]
[Result "1-0"]
[WhiteElo "2370"]
[BlackElo "2459"]

1.e4 c5 2.Nc3 Nc6 3.Bb5 Nd4 4.Bc4 e6 5.Nge2 Nf6 6.O-O a6 7.d3 b5 8.Bb3 Nxb3
9.axb3 Bb7 10.Bg5 h6 11.Bh4 g5 12.Bg3 h5 13.f4 h4 14.Be1 g4 15.e5 b4 16.exf6 bxc3
17.Nxc3 Qxf6 18.Ne4 Qf5 19.Bc3 Rh6 20.Bg7 Rg6 21.Bxf8 Kxf8 22.Nd6 Qd5 23.Nxb7 h3
24.Qe2 Qxb7 25.Qe4 Qxe4 26.dxe4 Ke7 27.g3 f5 28.e5 Rgg8 29.Rfd1 Rgc8 30.Rd6 c4
31.Raxa6 cxb3 32.c3 Rcb8 33.Kf2 Rxa6 34.Rxa6 Rb7 35.Ke2 Rc7 36.Kd3 Rb7 37.c4 Kd8
38.Kc3 Kc7 39.c5 Rb8 40.Kc4 Rb7 41.Ra3 Kc6 42.Ra6+ Kc7 43.Ra8  1-0

[Event "ch-FRA Top 16 Poule Haute"]
[Site "Port Barcares FRA"]
[Date "2005.05.06"]
[Round "10"]
[White "Bujisho,B"]
[Black "Hauchard,A"]
[Result "1-0"]
[WhiteElo "2386"]
[BlackElo "2493"]

1.e4 c5 2.Nc3 Nc6 3.Nf3 e5 4.Bc4 Be7 5.d3 d6 6.Nd2 Bg5 7.Nf1 Bxc1 8.Rxc1 Nf6
9.Ne3 O-O 10.O-O a6 11.f4 b5 12.Bd5 Nxd5 13.Ncxd5 exf4 14.Rxf4 Qg5 15.Qf3 Be6
16.Rf1 Rae8 17.h4 Qh6 18.Qg3 Qg6 19.Qf2 Ne7 20.Nc7 Rc8 21.h5 Qh6 22.Nxe6 Qxe6
23.h6 Qxh6 24.Rxf7 Rxf7 25.Qxf7+ Kh8 26.Nd5 Ng6 27.Qe6 Rd8 28.Nf4 b4 29.Nxg6+ Qxg6
30.Qxg6 hxg6 31.Rf7 d5 32.exd5 Rxd5 33.Ra7 Re5 34.Rc7 a5 35.Kf2 Rf5+ 36.Ke3 Re5+
37.Kf4 Rf5+ 38.Ke4 a4 39.g4 Rg5 40.Kf4 Rd5 41.b3 a3 42.Re7 g5+ 43.Ke3 Kh7
44.Re4 Kg6 45.d4 Kf6 46.dxc5 Rxc5 47.Kd3 Rb5 48.c3 bxc3 49.Kxc3 Rc5+ 50.Kb4 Rc2
51.Kxa3 Rf2 52.Kb4 Rxa2 53.Kc5 Rc2+ 54.Rc4 Rd2 55.b4 Ke5 56.b5 Rd8 57.b6 Rc8+
58.Kb5 Rxc4 59.Kxc4 Kd6 60.Kb5 Kd5  1-0

[Event "10th Open"]
[Site "Stuttgart GER"]
[Date "2005.05.06"]
[Round "4"]
[White "Zeller,F"]
[Black "Behm,S"]
[Result "1-0"]
[WhiteElo "2426"]
[BlackElo "2214"]

1.e4 c5 2.Nf3 Nc6 3.Nc3 e5 4.Bc4 Be7 5.d3 d6 6.Nd2 Nf6 7.Nf1 Bg4 8.f3 Be6
9.Ne3 O-O 10.O-O Rb8 11.a4 a6 12.Ned5 Nd4 13.f4 exf4 14.Bxf4 b5 15.axb5 axb5
16.Ra7 Re8 17.Nxf6+ Bxf6 18.Bxe6 fxe6 19.e5 dxe5 20.Be3 Qb6 21.Ra1 Rf8 22.Ne4 Be7
23.Rxf8+ Rxf8 24.c3 Nf5 25.Bf2 Qc6 26.Ra7 Rd8 27.Qf3 Qd5 28.g4 Nh4 29.Bxh4 Rf8
30.Qh3 Bxh4 31.Qxh4 Qxd3 32.Qe1 Qf3 33.Ng3 Qxg4 34.Qxe5 Qd1+ 35.Kg2 Qc2+
36.Kh3 Qg6 37.Re7 Qh6+ 38.Nh5 g6 39.Rg7+ Kh8 40.Rxg6+  1-0

[Event "Open A"]
[Site "Djakovo CRO"]
[Date "2005.05.07"]
[Round "9"]
[White "Vargic,D"]
[Black "Jankovic,A"]
[Result "1/2-1/2"]
[WhiteElo "2314"]
[BlackElo "2480"]

1.e4 c5 2.Nc3 Nc6 3.Nf3 d6 4.d4 cxd4 5.Nxd4 Nf6 6.Be2 e5 7.Nf3 h6 8.O-O Be7
9.Re1 O-O 10.Bf1 Bg4 11.h3 Bh5 12.g4 Bg6 13.Nh4 Bxe4 14.Nxe4 Nxe4 15.Nf5 d5
16.Bg2 Bb4 17.c3 Bc5 18.Bxe4 dxe4 19.Qe2 Qd3 20.Qxe4 Rfd8 21.Qxd3 Rxd3 22.Be3 Bxe3
23.Nxe3 Rad8  1/2-1/2

[Event "Capablanca Mem Premier 1"]
[Site "Havana CUB"]
[Date "2005.05.07"]
[Round "2"]
[White "De la Paz,F"]
[Black "Fernandez Romero,Ern"]
[Result "1-0"]
[WhiteElo "2461"]
[BlackElo "2449"]

1.e4 c5 2.Nc3 Nc6 3.Nf3 d6 4.d4 cxd4 5.Nxd4 Nf6 6.Bg5 e6 7.Qd2 a6 8.O-O-O Bd7
9.f4 h6 10.Bh4 Be7 11.Nf3 Qc7 12.Bxf6 gxf6 13.g3 O-O-O 14.Bh3 Kb8 15.f5 Rc8
16.fxe6 fxe6 17.Ne2 Ne5 18.Ned4 Nxf3 19.Nxf3 Qc4 20.Kb1 Rc5 21.Nd4 Re5 22.Rhe1 Qc8
23.Re3 h5 24.Rc3 Rc5 25.Rxc5 dxc5 26.Nf5 exf5 27.Qxd7 Qxd7 28.Rxd7 h4 29.gxh4 Bd8
30.Bxf5 Bc7 31.Bh7 Kc8 32.Rf7 Bxh2 33.c3 Kb8 34.a4 c4 35.h5 Bf4 36.Bg6 Bg5
37.Rd7 Rc8 38.Bf7 Rc5 39.Bd5 b5 40.Rb7+ Kc8 41.Ra7  1-0

[Event "ch-LTU"]
[Site "Siauliai LTU"]
[Date "2005.05.10"]
[Round "4"]
[White "Chocenka,D"]
[Black "Narmontas,M"]
[Result "1/2-1/2"]
[WhiteElo "2245"]
[BlackElo "2189"]

1.e4 c5 2.Nf3 Nc6 3.Nc3 g6 4.d3 Bg7 5.Be3 d6 6.Qd2 Nd4 7.Be2 Bd7 8.O-O e6
9.Bf4 e5 10.Bg5 f6 11.Bh4 Ne7 12.Bd1 O-O 13.Nxd4 cxd4 14.Ne2 d5 15.c3 dxc3
16.Nxc3 Be6 17.Bb3 Qd6 18.Rac1 Rac8 19.Rfd1 d4 20.Nb5 Qb6 21.Bxe6+ Qxe6 22.Qb4 Rxc1
23.Rxc1 Rc8 24.Rxc8+ Nxc8 25.Qc5  1/2-1/2

[Event "ch-EST"]
[Site "Tallinn EST"]
[Date "2005.05.10"]
[Round "1"]
[White "Seeman,T"]
[Black "Lelumees,B"]
[Result "1-0"]
[WhiteElo "2401"]
[BlackElo "2147"]

1.e4 c5 2.Nc3 Nc6 3.Nge2 e5 4.Nd5 Nf6 5.Nec3 d6 6.Bc4 Be7 7.d3 a6 8.a4 Rb8
9.O-O O-O 10.f4 exf4 11.Bxf4 Nd4 12.Nxe7+ Qxe7 13.Bg5 Qe5 14.Bxf6 gxf6 15.Nd5 f5
16.c3 b5 17.axb5 axb5 18.Ba2 Nc6 19.Qh5 c4 20.Rf3 f6 21.Rg3+ Kh8 22.Qh6  1-0

[Event "Torch Real Estate Cup"]
[Site "Wuxi CHN"]
[Date "2005.05.10"]
[Round "9"]
[White "Zhou Weiqi"]
[Black "Luo Wei"]
[Result "1-0"]
[WhiteElo "2397"]
[BlackElo "2302"]

1.e4 c5 2.Nc3 Nc6 3.Bb5 Nd4 4.Bc4 e6 5.Nge2 Ne7 6.Nxd4 cxd4 7.Ne2 Nc6 8.O-O Be7
9.d3 O-O 10.a3 Re8 11.Ba2 d6 12.Ng3 Bh4 13.Qh5 Bxg3 14.fxg3 Ne5 15.Bf4 Qc7
16.Rf2 Rf8 17.Raf1 a5 18.Bxe5 dxe5 19.g4 f6 20.g5 Qe7 21.Qh4 Bd7 22.gxf6 gxf6
23.Rxf6 Qg7 24.Rxf8+ Rxf8 25.Rxf8+ Qxf8 26.Qg5+ Kf7 27.Qxe5 Qh6 28.Qxd4 Qc1+
29.Kf2 Qxc2+ 30.Kg3 Ke7 31.e5 Qe2 32.h3 Ke8 33.Kh4 Qxg2 34.Qg4 Qf2+ 35.Kh5 Qxb2
36.Qg8+ Ke7 37.Qg7+ Kd8 38.Qf6+ Kc7 39.Bxe6 Qe2+ 40.Kh6 Bxe6 41.Qxe6 Qxd3
42.Qf7+ Kb8 43.e6 Qxh3+ 44.Kg7 Qg3+ 45.Kh8 Qe5+ 46.Kg8 Qg5+ 47.Kf8 Qh6+ 48.Ke8 Qc1
49.Qd7 Qg1 50.Qd8+ Ka7 51.Qxa5+ Kb8 52.Qe5+ Kc8 53.Kf8 Qf1+ 54.Ke7 Qg1 55.Qh8+ Kc7
56.Qd8+ Kc6 57.Qd6+ Kb5 58.Kd7 Kc4 59.e7  1-0

[Event "Torch Real Estate Cup"]
[Site "Wuxi CHN"]
[Date "2005.05.10"]
[Round "9"]
[White "Xie Jun"]
[Black "Ning Chunhong"]
[Result "1/2-1/2"]
[WhiteElo "2573"]
[BlackElo "2363"]

1.e4 c5 2.Nf3 Nc6 3.Nc3 e5 4.Bc4 d6 5.d3 Be7 6.Nd2 Bg5 7.Nf1 Nh6 8.Bxg5 Qxg5
9.Ng3 O-O 10.Qd2 Qxd2+ 11.Kxd2 Be6 12.Rhf1 Rad8 13.f4 Bxc4 14.dxc4 exf4 15.Rxf4 Rfe8
16.h3 Re5 17.Rf2 a6 18.a4 f6 19.Rd1 Nf7 20.Kc1 Nd4 21.Nce2 Nxe2+ 22.Rxe2 Rde8
23.Rdd2 R5e6 24.b3  1/2-1/2

[Event "Huila Centenary"]
[Site "Neiva COL"]
[Date "2005.05.11"]
[Round "2"]
[White "Castano,D"]
[Black "Acosta,A COL"]
[Result "1/2-1/2"]
[WhiteElo "2332"]
[BlackElo "2297"]

1.e4 c5 2.Nf3 Nc6 3.Nc3 g6 4.d4 cxd4 5.Nxd4 Bg7 6.Nb3 Nf6 7.Be2 O-O 8.O-O d6
9.Re1 Be6 10.Bf1 d5 11.Nc5 d4 12.Nxe6 fxe6 13.Na4 Qa5 14.c3 dxc3 15.Nxc3 Rad8
16.Qa4 Qxa4 17.Nxa4 Ng4 18.Bc4 Nxf2 19.Nc5 Nd4 20.Bg5 b6 21.Bxe7 bxc5 22.Bxd8 Nh3+
23.gxh3 Nf3+ 24.Kh1 Nxe1 25.Be7 Re8 26.Bxc5 Nf3 27.Bxa7 Nd2 28.Bb5 Ra8 29.Be3 Bxb2
30.Rd1 Nxe4 31.Bc6 Ra3 32.Rd8+ Kg7 33.Rd7+ Kf6 34.Bh6 Nc3 35.Bg7+ Kg5 36.Rd4 Rxa2
37.Rd2 Na4 38.Kg2 Bxg7 39.Rxa2 Nc3 40.Ra7 Kh6 41.Kf3 Nd5 42.Rd7 Nb4 43.Be4 Na6
44.Rd6 Nc5 45.Rc6 Nb3 46.Rc7 Nd4+ 47.Kg4 Nf5 48.Rc6 Nd4 49.Rc7 Nf5 50.Rc6 Nd4
51.Ra6 Be5 52.Ra4 Kg7 53.Ra7+ Kh6  1/2-1/2

[Event "Huila Centenary"]
[Site "Neiva COL"]
[Date "2005.05.12"]
[Round "4"]
[White "Sanchez Castillo,S"]
[Black "Polo,VR"]
[Result "1/2-1/2"]
[WhiteElo "2187"]
[BlackElo "2235"]

1.e4 c5 2.Nf3 Nc6 3.Nc3 g6 4.d4 cxd4 5.Nxd4 Bg7 6.Be3 Nf6 7.Bc4 O-O 8.Bb3 d6
9.h3 Bd7 10.O-O Rc8 11.f4 Nxd4 12.Bxd4 Bc6 13.Qe1 Nd7 14.Bxg7  1/2-1/2

[Event "Torch Real Estate Cup"]
[Site "Wuxi CHN"]
[Date "2005.05.12"]
[Round "11"]
[White "Sun Chuyao"]
[Black "Luo Wei"]
[Result "1/2-1/2"]
[WhiteElo "2224"]
[BlackElo "2302"]

1.e4 c5 2.Nc3 Nc6 3.Bb5 Na5 4.Nf3 a6 5.Be2 b5 6.d4 cxd4 7.Nxd4 Bb7 8.O-O e6
9.e5 Ne7 10.f4 b4 11.Na4 Nd5 12.a3 bxa3 13.b3 d6 14.c4 Nb4 15.Bxa3 dxe5 16.fxe5 Nac6
17.Nxc6 Bxc6 18.Bf3 Qc7 19.Bxc6+ Qxc6 20.Qd2 Rd8 21.Qf2 Qc7 22.Kh1 Nd3 23.Qb6 Qxb6
24.Nxb6 Rb8 25.Bxf8 Rxf8 26.Rxa6 Nc5 27.Ra5 Nxb3 28.Ra7 Rxb6  1/2-1/2

[Event "Torch Real Estate Cup"]
[Site "Wuxi CHN"]
[Date "2005.05.12"]
[Round "11"]
[White "Yu Shaoteng"]
[Black "Zhang Ziyang"]
[Result "1-0"]
[WhiteElo "2506"]
[BlackElo "2209"]

1.e4 c5 2.Nc3 Nc6 3.Bb5 g6 4.Bxc6 dxc6 5.d3 e5 6.Nge2 Bg7 7.O-O Nf6 8.h3 Nd7
9.Be3 O-O 10.Qd2 Qe7 11.Bh6 f6 12.Bxg7 Kxg7 13.f4 exf4 14.Nxf4 Ne5 15.Rf2 Be6
16.Raf1 Rae8 17.Qe3 Bg8 18.Nce2 Qd6 19.b3 b5 20.Ng3 Kh8 21.Nfe2 Qe7 22.Kh1 a6
23.Ng1 Qd6 24.N3e2 Be6 25.Qc1 Bc8 26.Qb2 Bd7 27.Qc3 Qe7 28.a3 b4 29.Qa1 a5
30.Nf3 Be6 31.Neg1 Nf7 32.Nd2 Nd6 33.Ngf3 Nb5 34.a4 Nc3 35.Nb1 Nxb1 36.Rxb1 Bc8
37.Rbf1 h6 38.Nh4 Bd7 39.Rf3 Qe5 40.Qe1 g5 41.Nf5 Bxf5 42.Rxf5 Qd6 43.R1f3 Re5
44.Qf2 Qe7 45.h4 Qe6 46.Qg3 Qd6 47.Kh2 Rxf5 48.Rxf5 Qb8 49.Kh3 Qe5 50.Qf2 Qc3
51.Qf3 Qe1 52.g3 Qc3 53.Qf2 c4 54.bxc4 Re8 55.e5 Rxe5 56.Rxf6 Re7 57.Rf5 Kg7
58.h5 Kh7 59.g4 Qe1 60.Rf3 Qa1 61.Qc5  1-0

[Event "Huila Centenary"]
[Site "Neiva COL"]
[Date "2005.05.13"]
[Round "7"]
[White "Hernandez Fierro,R"]
[Black "Acosta,A COL"]
[Result "1/2-1/2"]
[WhiteElo "2194"]
[BlackElo "2297"]

1.e4 c5 2.Nf3 Nc6 3.Nc3 g6 4.d4 cxd4 5.Nxd4 Bg7 6.Be3 Nf6 7.Bc4 O-O 8.Bb3 a5
9.f3 d5 10.Bxd5 Nxd5 11.exd5 Nb4 12.Nde2 Bf5 13.Rc1 Rc8 14.g4 Nxc2+ 15.Rxc2 Bxc2
16.Qxc2 Qxd5 17.Qe4 Qxe4 18.fxe4 b5 19.Nxb5 Rc2 20.Kf2 Rxb2 21.a4 f5 22.gxf5 gxf5
23.e5 Bxe5 24.Rg1+ Kf7 25.Rg5 Kf6 26.Rh5 Rc8 27.Kf3 e6 28.Rh6+ Kf7 29.Rxh7+ Kg6
30.Rh6+ Kf7 31.Rh7+  1/2-1/2

[Event "Torch Real Estate Cup"]
[Site "Wuxi CHN"]
[Date "2005.05.13"]
[Round "12"]
[White "Yu Shaoteng"]
[Black "Sun Chuyao"]
[Result "1-0"]
[WhiteElo "2506"]
[BlackElo "2224"]

1.e4 c5 2.Nc3 Nc6 3.Bb5 Nd4 4.Bc4 g6 5.Nf3 Bg7 6.Nxd4 cxd4 7.Qf3 Nh6 8.Ne2 O-O
9.d3 Ng4 10.Bb3 Ne5 11.Qg3 Nc6 12.h4 Na5 13.h5 Nxb3 14.axb3 Qb6 15.Nf4 Be5
16.Nd5 Bxg3 17.Nxb6 axb6 18.Rxa8 Bc7 19.Bh6 Re8 20.hxg6 hxg6 21.Bd2 e5 22.O-O f5
23.Rfa1 Kf7 24.R1a4 d5 25.exd5 e4 26.Ra1 e3 27.Re1 Kf6 28.c3 Rh8 29.fxe3 Bh2+
30.Kf1 dxe3 31.Bxe3  1-0

[Event "Torch Real Estate Cup"]
[Site "Wuxi CHN"]
[Date "2005.05.13"]
[Round "12"]
[White "Ye Jiangchuan"]
[Black "Yu Lie"]
[Result "1/2-1/2"]
[WhiteElo "2648"]
[BlackElo "2328"]

1.e4 c5 2.Nf3 Nc6 3.Nc3 e5 4.Bc4 Be7 5.d3 d6 6.Nd2 Bg5 7.Nf1 Bxc1 8.Rxc1 Nge7
9.Ne3 O-O 10.O-O Be6 11.Qd2 a6 12.a4 Nb4 13.Rce1 Qd7 14.f4 exf4 15.Rxf4 Rab8
16.a5 Qc7 17.Ra1 Qc6 18.Qf2 Rbd8 19.Rf3 Qc8 20.Rf1 f6 21.h4 Nbc6 22.h5 Ne5
23.Rg3 Rf7 24.Bxe6 Qxe6 25.Ncd5 Rdf8 26.Nxe7+ Rxe7 27.Qd2 Kh8 28.b3 Ref7
29.Rf2 Nc6 30.Rh3 Ne7 31.h6 g6 32.Rhf3 d5 33.exd5 Nxd5 34.Nxd5 Qxd5 35.Re2 Qd4+
36.Kh2 Kg8 37.Re4 Qd6+ 38.Qf4 Qd8 39.Qd2 Qd6+ 40.Kg1 Re7 41.Rxe7 Qxe7 42.Qc3 Rf7
43.Kf1 Qd6 44.Qc4 Qe5 45.Kf2 Kf8 46.b4 Re7 47.Kg1 Qe1+ 48.Kh2 Qe5+ 49.Kg1  1/2-1/2

[Event "Victory Cup"]
[Site "Alushta UKR"]
[Date "2005.05.16"]
[Round "5"]
[White "Tukhaev,A"]
[Black "Annageldyev,O"]
[Result "1-0"]
[WhiteElo "2419"]
[BlackElo "2483"]

1.e4 c5 2.Nf3 Nc6 3.Nc3 d6 4.d4 cxd4 5.Nxd4 Nf6 6.f3 Qb6 7.Nb3 e6 8.Qe2 Be7
9.Be3 Qc7 10.O-O-O a6 11.g4 b5 12.g5 Nd7 13.h4 Nb6 14.Qf2 Rb8 15.Kb1 Nc4
16.Bc1 b4 17.Na4 N6a5 18.Nxa5 Nxa5 19.b3 Bd7 20.Nb2 Nc6 21.Nc4 Na7 22.Bb2 Rg8
23.e5 d5 24.Nd6+ Bxd6 25.exd6 Qb7 26.f4 Nb5 27.Bxb5 Qxb5 28.f5 Rc8 29.Rhe1 Qc5
30.Qg2 Kf8 31.g6 hxg6 32.fxe6 Bxe6 33.Rxe6 fxe6 34.Qxg6 Qxc2+ 35.Qxc2 Rxc2
36.Kxc2 Ke8 37.Rg1 Kf7 38.Rxg7+  1-0

[Event "ch-UKR w"]
[Site "Alushta UKR"]
[Date "2005.05.17"]
[Round "2"]
[White "Zdebskaja,N"]
[Black "Matseyko,K"]
[Result "1-0"]
[WhiteElo "2344"]
[BlackElo "2174"]

1.e4 c5 2.Nf3 Nc6 3.Nc3 Nf6 4.Bb5 Nd4 5.e5 Nxb5 6.Nxb5 Nd5 7.Ng5 f6 8.Qf3 Nc7
9.exf6 exf6 10.Qe4+ Ne6 11.Nxh7 d5 12.Qg6+ Kd7 13.Nxf8+ Qxf8 14.d3 a6 15.Nc3 Nd4
16.Kd1 Kc6 17.Be3 Nf5 18.Bf4 Nh4 19.Qg3 g5 20.Bd2 Nf5 21.Qf3 Qd6 22.Kc1 Bd7
23.b3 b5 24.Kb2 b4 25.Na4 Rae8 26.Rae1 Rxe1 27.Rxe1 Rxh2 28.c4 Nh4 29.cxd5+ Kc7
30.Qe4 Nxg2 31.Rc1 Bxa4 32.Bxb4 Rh4 33.Ba5+ Kd7 34.Qxg2 Bb5 35.Qf3 Rd4 36.Qf5+ Ke8
37.Re1+ Kf8 38.Re6 Rf4 39.Qh7 Rxf2+ 40.Ka3 Qxd5 41.Rb6 Qe5 42.Rb8+ Be8 43.Qh8+ Kf7
44.Rb7+ Ke6 45.Qxe8+ Kf5 46.Qd7+ Qe6 47.Qh7+ Kf4 48.Re7 Qc8 49.Qe4+ Kg3 50.Be1  1-0

[Event "48th TCh-SCG"]
[Site "Herceg Novi SCG"]
[Date "2005.05.17"]
[Round "3"]
[White "Tseshkovsky,V"]
[Black "Nataf,IA"]
[Result "1/2-1/2"]
[WhiteElo "2589"]
[BlackElo "2559"]

1.e4 c5 2.Nf3 Nc6 3.Nc3 Nf6 4.Bb5 g6 5.h3 Bg7 6.e5 Ng8 7.Bxc6 dxc6 8.Qe2 Nh6
9.Ne4 b6 10.d3 Nf5 11.Bg5 Nd4 12.Nxd4 Qxd4 13.Nf6+ Kf8 14.c3 Qd8 15.Ng4 h5
16.Nh2 Qd5 17.Nf3 Bf5 18.Rd1 Qxa2 19.O-O Qe6 20.Rfe1 Rd8 21.c4 Kg8 22.d4 f6
23.dxc5 Rxd1 24.Rxd1 bxc5 25.Be3 Be4 26.exf6 Bxf3 27.Qxf3 Bxf6 28.b3 Kg7
29.Bxc5 a5 30.Be3 Rb8 31.Bf4 Ra8 32.Kf1 a4 33.Re1 Qd7  1/2-1/2

[Event "Chigorin CC"]
[Site "St Petersburg RUS"]
[Date "2005.05.17"]
[Round "2"]
[White "Kudriavtsev,Y"]
[Black "Pavlov,Gennady"]
[Result "1-0"]
[WhiteElo "1988"]
[BlackElo "2119"]

1.e4 c5 2.Nf3 Nc6 3.Nc3 g6 4.Bc4 Bg7 5.d3 Na5 6.Bb3 Nxb3 7.axb3 d6 8.Bd2 Bd7
9.Qe2 e5 10.Bg5 f6 11.Be3 Ne7 12.Qd2 h6 13.Ng1 Bc6 14.f4 Qd7 15.Nf3 b6 16.Ne2 f5
17.fxe5 dxe5 18.Nc3 f4 19.Bf2 g5 20.h3 Bf6 21.O-O-O O-O-O 22.Qe2 h5 23.Nh2 Rdg8
24.Rdg1 g4 25.hxg4 hxg4 26.Nf1 g3 27.Be1 Qe6 28.Nd2 Be8 29.Qf1 Bh5 30.Kb1 Rh6
31.Nf3 Rgh8 32.Bd2 Nc6 33.Nd5 Nd4 34.Bc3 Bxf3 35.Rxh6 Rxh6 36.gxf3 Rh2 37.Bxd4 cxd4
38.c3 dxc3 39.bxc3 Rf2 40.Qd1 Bd8 41.d4 Qh3 42.dxe5 g2 43.Nxf4 Qxf3 44.Qxf3 Rxf3
45.Nxg2 Rxc3 46.Kb2 Rc5 47.Rc1 Rxc1 48.Kxc1 Bg5+ 49.Kc2 Kd7 50.Ne1 Ke6 51.Nd3 Be3
52.Kc3 Bg1 53.Kc4 a6 54.Ne1 Bh2 55.Nf3 Bxe5 56.Nd4+ Bxd4 57.Kxd4 a5 58.Kc4 Ke5
59.Kb5 Kxe4 60.Kxb6 Kd5 61.Kxa5 Kc6 62.b4 Kb7 63.Kb5  1-0

[Event "Chigorin CC"]
[Site "St Petersburg RUS"]
[Date "2005.05.17"]
[Round "2"]
[White "Zamyshlyaev,V"]
[Black "Shushpanov,V"]
[Result "0-1"]
[WhiteElo "2227"]
[BlackElo "2390"]

1.e4 c5 2.Nc3 Nc6 3.Nf3 g6 4.Bb5 Nd4 5.Bd3 Bg7 6.O-O d6 7.Nxd4 cxd4 8.Bb5+ Bd7
9.Bxd7+ Qxd7 10.Ne2 Rc8 11.d3 e6 12.c4 dxc3 13.Nxc3 Ne7 14.Bg5 O-O 15.Qf3 Nc6
16.Qh3 Nd4 17.Kh1 Rc7 18.Qh4 Rc5 19.Rae1 b5 20.a3 a5 21.Be3 Rh5 22.Qg4 Nc2
23.Rc1 Nxe3 24.fxe3 b4 25.axb4 axb4 26.Nd1 Qb5 27.Rc4 Be5 28.h3 d5 29.exd5 exd5
30.Rxb4 Qxd3 31.Rg1 Rf5 32.e4 h5 33.Qh4 Rf1 34.Nc3 Bd4 35.Rxd4 Rxg1+ 36.Kxg1 Qxd4+
37.Kh1 Ra8 38.Nxd5 Ra1+  0-1